000 01099nam a22002417a 4500
005 20100312095056.0
008 100312t xxu||||| |||| 00| 0 hin d
010 _aHIN-89097
020 _a9788188214647
_c200.00
035 _aHN-61443
037 _bDBAD / PUB
040 _aDPL
_bHN
082 _a
100 _aशर्मा, ओमप्रकाश
_916275
245 _aचिर चिन्तन के पथ पर निरन्तर जलते दीप /
_cओमप्रकाश शर्मा
260 _aइलाहाबाद
_bविभा प्रकाशन
_c2009
270 _a50, चाहचन्द (जीरो रोड)
_bइलाहाबाद
_e211003
300 _a128पृ
_c22सेमी (सजिल्द)
650 _aलघु कथाएँ, हिन्दी
_91169
650 _ashort stories, hindi
_916276
942 _2ddc
_cHN
_mशर्माओ
999 _c34601
_d34601